Detalles MARC
| 000 -LIDER |
| fixed length control field |
01001nam a22003017a 4500 |
| 001 - NÚMERO DE CONTROL |
| Identificador de número de control |
000382 |
| 003 - IDENTIFICACDOR DE NÚMERO DE CONTROL |
| control field |
DO-SdBNP |
| 005 - DATE AND TIME OF LATEST TRANSACTION |
| control field |
20171113100446.0 |
| 007 - CAMPOS FIJOS DE DESCRIPCIÓN FÍSICA |
| fixed length control field |
000382 |
| 008 - ELEMENTOS DE LONGITUD FIJA |
| fixed length control field |
160713b2008 mx ||||| |||| 00| 0 spa d |
| 020 ## - ISBN |
| International Standard Book Number |
9789705803710 |
| 040 ## - FUENTE DE CATALOGACIÓN |
| Agencia que crea de manera original el registro |
BPMSU |
| Idioma de catalogación |
spa |
| Agencia que realiza la transcripción |
BPMSU |
| 082 #4 - NÚMERO DE CLASIFICACIÓN DECIMAL DE DEWEY |
| Classification number |
791.430972 |
| Item number |
M754p |
| 100 1# - ASIENTO PRINCIPAL -- NOMBRE PERSONAL |
| Nombre personal |
Monsiváis, Carlos, |
| Fechas asociadas con el nombre |
1938-2010. |
| 245 10 - MENCIÓN DE TITULO |
| Título |
Pedro Infante, las leyes del querer / |
| Mención de responsabilidad |
Carlos Monsiváis. |
| 260 ## - PUBLICACIÓN, DISTRIBUCIÓN, ETC. (PIE DE IMPRENTA) |
| Lugar de publicación, distribución, etc |
México, D.F. : |
| Nombre del editor, distribuidor, etc. |
Aguilar, |
| Fecha de publicación, distribución, etc |
2008. |
| 300 ## - DESCRIPCIÓN FÍSICA |
| Extensión |
278 p. : |
| Otros detalles físicos |
il. ; |
| Dimensiones |
25 cm. |
| 490 1# - MENCIÓN DE SERIES |
| Mención de serie |
Raya en el agua |
| 500 ## - NOTA GENERAL |
| Nota general |
Incluye datos biográficos del autor en la solapa de la contracubierta. |
| 600 14 - ENCABEZAMIENTO DE MATERIA--NOMBRE PERSONAL |
| Nombre personal |
INFANTE, PEDRO |
| Fechas asociadas con el nombre |
1917-1957 |
| 650 #4 - ENCABEZAMIENTO DE MATERIA--TEMÁTICO |
| Término temático o nombre geográfico como elemento de entrada |
ACTORES Y ACTRICES CINEMATROGRÁTICOS |
| Subdivisión geográfica |
MÉXICO |
| 650 #4 - ENCABEZAMIENTO DE MATERIA--TEMÁTICO |
| Término temático o nombre geográfico como elemento de entrada |
ACTORES Y ACTRICES CINEMATOGRÁFICOS |
| Subdivisión de forma |
BIOGRAFÍAS |
| 830 ## - ASIENTO SECUNDARIO DE SERIE--TÍTULO UNIFORME |
| Título uniforme |
Raya en el agua |
| 910 ## - VALIDACIÓN |
| Validación |
Validado. Control de calidad MFF |
| 942 ## - ADDED ENTRY ELEMENTS (KOHA) |
| Source of classification or shelving scheme |
Dewey Decimal Classification |
| Koha item type |
Libros |
| 945 ## - INFORMACIÓN DE PROCESAMIENTO LOCAL |
| Información de procesamiento local |
Inventariado, 2017/MFF |
| 956 ## - LOCAL ELECTRONIC LOCATION AND ACCESS (OCLC) |
| Método de acceso |
LOPEREZ |
| Materiales especificados |
10 |
| Enlace |
20160713 |
| Campo enlazado y núm. de secuencia |
BPMSU |
| Nombre de host |
00041 |